000 00839cam a22002413a 4500
001 18795
003 PGUSA
005 20140828083411.0
008 060708s2006||||xxu|||||s|||||000 | eng d
040 _aPGUSA
_beng
042 _adc
050 4 _aTA
100 1 _aBensel, J. A.
_q(John Anderson),
_d1863-
245 1 0 _aTransactions of the American Society of Civil Engineers, Vol. LXX, Dec. 1910 :
_bAddress at the 42d Annual Convention, Chicago, Illinois, June 21st, 1910, Paper No. 1178
_h[electronic resource] /
_cJ. A. Bensel
260 _bProject Gutenberg,
_c2006
506 _aPublic domain in the USA.
516 _aElectronic text
653 _aCivil engineering -- Periodicals
653 _aSpeeches, addresses, etc.
830 0 _aProject Gutenberg
_v18795
856 4 0 _uhttp://www.gutenberg.org/ebooks/18795
942 _cEB
999 _c248050
_d248050